Krátke šťastie pestovateľov cukrovej repy

Bibliographic Details
Main Authors: Lettrich, Roman (Author, Interviewer), Kovács, Robert (Author)
Format: Article
Language:Slovak
ISSN:1335-440X
Subjects:

MARC

LEADER 00000nab a2200000 ar4500
001 vtls008773241
003 SK-MaSNL
005 20260426073729.0
008 060614c20060505xo |||||||||||000 b|slo
015 |a SNBRB2006/06  |2 snkbucl 
038 |a SNKBUCL 
040 |a SNKBUCL  |b slo  |c SNKBUCL  |e AACR2 
041 0 |a slo 
044 |a xo  |c SK 
080 |a 633.63:631.15  |x (437.6)  |2 1997 
080 |a 664.1  |x (437.6)  |2 1997 
080 |a 631.155  |x (437.6)  |2 1997 
080 |a 631.157  |x (437.6)  |2 1997 
100 1 |a Lettrich, Roman  |4 ivr  |4 aut  |9 856760 
245 1 0 |a Krátke šťastie pestovateľov cukrovej repy  |c Roman Lettrich, Robert Kovács 
650 0 7 |a cukrová repa  |2 snkbucl  |9 81965 
650 0 7 |a produkcia  |2 snkbucl  |9 380689 
650 0 7 |a dodávky  |2 snkbucl  |9 501342 
650 0 7 |a zmluvy  |2 snkbucl  |9 297422 
650 0 7 |a cukrovary  |2 snkbucl  |9 31061 
651 7 |a Slovensko  |2 snkbucl  |9 14231 
700 1 |a Kovács, Robert  |4 ive  |4 aut  |9 505757 
773 0 |t Sme. Roľnícke noviny  |g Č. 103 (5.5.2006)  |x 1335-440X 
773 0 8 |i Príl.:  |t Roľnícke noviny  |g Č. 19 (5.5.2006), s. 1 a 3 
852 |a SNK  |b KIS3GCP 
958 |a SK 
999 |c 2716721  |d 2718651